Detalles MARC
| 000 -LEADER |
| fixed length control field |
01556 am a2200505 a 4500 |
| 005 - FECHA ULTIMA MODIFICACION |
| control field |
20240214111019.0 |
| 008 - CAMPO DE CONTROL (LIBRO) |
| fixed length control field |
100304s1995||||sp a f |||| 001 0 spa |
| 020 ## - INTERNATIONAL STANDARD BOOK NUMBER |
| ISBN |
8429174516 |
| 041 ## - CODIGO DE IDIOMA |
| Código de idioma del texto/pista de sonido o título separado |
spa |
| 092 ## - SIGNATURA TOPOGRAFICA DEWEY LOCAL |
| número de clasificación |
574.192 |
| libristica |
81 |
| sección |
STR |
| 100 1# - ENTRADA PRINCIPAL--NOMBRE PERSONAL |
| Nombre personal |
Stryer, Lubert. |
| 9 (RLIN) |
1 |
| 245 ## - TITULO PROPIAMENTE DICHO |
| Título |
Bioquímica. |
| Subtítulo y Título paralelo |
Vol.1 / |
| Mención de responsabilidad y remanente de la transcripción de la portada |
Lubert Stryer. |
| 250 ## - MENCION DE EDICION |
| Mención de edición |
4a ed. |
| Mención de responsabilidad relacionada con la ed. |
Traducción José M. Macarulla |
| 260 ## - PIE DE IMPRENTA |
| Lugar de publicación, distribución, etc |
Barcelona: |
| Nombre de la editorial, distribuidor, etc |
Reverte; |
| Fecha de publicación |
1995. |
| 300 ## - DESCRIPCION FISICA |
| Extension |
1-440 p. |
| 500 ## - NOTA GENERAL |
| Nota general |
Stryer, L. (1995). Bioquímica. Vol.1 (4a ed.). Barcelona : Reverte. |
| 590 ## - NOTAS LOCALES (RLIN) |
| Nota local |
Ej. 11 Inv. 133 perdido. Reemplazado por Ej. 12 Inv. 370. |
| 653 ## - TÉRMINO INDIZADO - PALABRAS CLAVES |
| Palabra clave |
Estructura y función de las proteínas |
| 653 ## - TÉRMINO INDIZADO - PALABRAS CLAVES |
| Palabra clave |
Investigación en proteínas |
| 653 ## - TÉRMINO INDIZADO - PALABRAS CLAVES |
| Palabra clave |
DNA y RNA: las moléculas de la herencia |
| 653 ## - TÉRMINO INDIZADO - PALABRAS CLAVES |
| Palabra clave |
Flujo de la información genética |
| 653 ## - TÉRMINO INDIZADO - PALABRAS CLAVES |
| Palabra clave |
Investigación en genes |
| 653 ## - TÉRMINO INDIZADO - PALABRAS CLAVES |
| Palabra clave |
Proteína alostérica |
| 653 ## - TÉRMINO INDIZADO - PALABRAS CLAVES |
| Palabra clave |
Enzimas: conceptos básicos y cinética |
| 653 ## - TÉRMINO INDIZADO - PALABRAS CLAVES |
| Palabra clave |
Estrategias catalíticas |
| 653 ## - TÉRMINO INDIZADO - PALABRAS CLAVES |
| Palabra clave |
Estrategias reguladoras |
| 653 ## - TÉRMINO INDIZADO - PALABRAS CLAVES |
| Palabra clave |
Estructura y dinámica de las membranas |
| 653 ## - TÉRMINO INDIZADO - PALABRAS CLAVES |
| Palabra clave |
Conductos y bombas de membrana |
| 653 ## - TÉRMINO INDIZADO - PALABRAS CLAVES |
| Palabra clave |
Cascadas de transducción de señales |
| 653 ## - TÉRMINO INDIZADO - PALABRAS CLAVES |
| Palabra clave |
Anticuerpos y receptores de las células T |
| 653 ## - TÉRMINO INDIZADO - PALABRAS CLAVES |
| Palabra clave |
Motores moleculares |
| 653 ## - TÉRMINO INDIZADO - PALABRAS CLAVES |
| Palabra clave |
Plegamiento y diseño de proteínas |
| 930 ## - NUMERO DE INVENTARIO |
| Número de inventario |
113 |
| 930 ## - NUMERO DE INVENTARIO |
| Número de inventario |
114 |
| 930 ## - NUMERO DE INVENTARIO |
| Número de inventario |
115 |
| 930 ## - NUMERO DE INVENTARIO |
| Número de inventario |
116 |
| 930 ## - NUMERO DE INVENTARIO |
| Número de inventario |
117 |
| 930 ## - NUMERO DE INVENTARIO |
| Número de inventario |
118 |
| 930 ## - NUMERO DE INVENTARIO |
| Número de inventario |
119 |
| 930 ## - NUMERO DE INVENTARIO |
| Número de inventario |
120 |
| 930 ## - NUMERO DE INVENTARIO |
| Número de inventario |
121 |
| 930 ## - NUMERO DE INVENTARIO |
| Número de inventario |
122 |
| 930 ## - NUMERO DE INVENTARIO |
| Número de inventario |
370 |
| 942 ## - ADDED ENTRY ELEMENTS (KOHA) |
| Source of classification or shelving scheme |
Dewey Decimal Classification |
| Item type |
Libros |